| 000 | 00518nmm a2200169Ia 4500 | ||
|---|---|---|---|
| 008 | 251105s9999||||xx |||||||||||||||||und|| | ||
| 020 | _a9786071659408 | ||
| 041 | _aspa | ||
| 100 | _aFuentes, Mario Luis | ||
| 245 | 0 |
_aLas muertes que no deben ser : _b Natalidad y mortalidad en México |
|
| 264 |
_a[México D.C., Mexico] : _bFondo de Cultura Económica, _c2018 |
||
| 300 | _a270 páginas | ||
| 490 | _aEconomía | ||
| 650 | _aSociology | ||
| 856 | _uhttps://public.digitaliapublishing.com/a/64718 | ||
| 942 | _cCF | ||
| 999 |
_c75614 _d75614 |
||